| 000 | 00364nam a2200133Ia 4500 | ||
|---|---|---|---|
| 008 | 150202s9999 xx 000 0 und d | ||
| 020 | _a6169848 | ||
| 050 |
_aFIC _bFIC |
||
| 100 | _aAmbler, Eric. | ||
| 245 |
_aJourney into fear / _cEric Ambler. |
||
| 260 |
_aGreat Britain : _bHodder And Stoughton, _c1940. |
||
| 300 |
_a192 pages : _c18 cm. |
||
| 650 | _aFiction. | ||
| 999 |
_c281819 _d281819 |
||